01306nac a22002771u 4500010001600000020001700016082001900033090001500052100003400067245009600101260006300197300003200260440005300292500028400345500004000629500002600669504005100695511002600746650002100772650004100793700001800834700003300852942002100885999001500906952010700921 a 82004766 a0471104094 :00a620.13633bBAZ c6529d6529 a20080729 00aCreep and shrinkage in concrete structures /cedited by Z.P. BazÌŒant and F.H. Wittmann. aChichester [West Sussex] ;aNew York :bWiley,1982cc1982. ax, 363 p. :bill. ;c24 cm. 0aWiley series in numerical methods in engineering aRevision of papers presented at the International Symposium on Fundamental Research on Creep and Shrinkage of Concrete, held in Sept, 1980, at the Swiss Federal Institute of Technology in Lausanne, and co-sponsored by Northwestern University and U.S. National Science Foundation. a"A Wiley-Interscience publication." adistributer: Al-Ahram aIncludes bibliographical references and index. acatalogued by: wessam 0aConcretexCreep. 0aConcretexExpansion and contraction.1 aBazant, Z. P.1 aWittmann, F. H.q(Folker H.) cBBk620.13633BAZ c6529d6529 00104070aMAINbMAINc1STd2007-11-26ePurchasel0o620.13633BAZp000007174r2025-07-15 00:00:00yBB